Part of a man's life /

Bibliographic Details
Main Author: Higginson, Thomas Wentworth, 1823-1911
Format: Book
Language:English
Published: Boston, New York : Houghton, Mifflin and company, 1905.

MARC

Tag First Indicator Second Indicator Subfields
LEADER 00000cam a2200000 4500
001 in00000033935
005 20151007063349.0
008 711222s1905 maucfh 00010 eng u
010 |a  05033333  
035 |a (OCoLC)00186523 
035 |9 AAD7225AM 
040 |c KSU  |d TXA  |d UtOrBLW 
049 |a TXAM  |c [5662] 
050 0 |a PS1928  |b .A3 1905 
092 |a 814  |b H63P 
100 1 |a Higginson, Thomas Wentworth,  |d 1823-1911. 
245 1 0 |a Part of a man's life /  |c by Thomas Wentworth Higginson. 
264 1 |a Boston,  |a New York :  |b Houghton, Mifflin and company,  |c 1905. 
300 |a viii pages, 311 pages, 1 unnumbered page :  |b frontispiece, plates, portraits, facsimiles ;  |c 23 cm. 
336 |a text  |b txt  |2 rdacontent 
337 |a unmediated  |b n  |2 rdamedia 
338 |a volume  |b nc  |2 rdacarrier 
505 0 |a The sunny side of the transcendental period.--The child and his dreams.--English and American cousins.--American audiences.--The aristrocracy of the dollar.--Wordsworthshire.--The close of the Victorian epoch.--Una Hawthorne.--History in easy lessons.--The cowardice of culture. 
999 |a MARS 
999 f f |s 1f3fe171-6c5f-34cb-a70c-ed3564b06cb2  |i 5b735c52-eb78-3caf-b65b-c697913fbac8  |t 0 
952 f f |p ric  |a Texas A&M University  |b Rellis Campus  |c Joint Library Facility  |d Remote Storage  |t 0  |e PS1928 .A3 1905  |h Library of Congress classification  |i unmediated -- volume  |m A14801258239 
998 f f |a PS1928 .A3 1905  |t 0  |l Remote Storage